| 000 | 01446nam a2200385 i 4500 | ||
|---|---|---|---|
| 003 | DO-SdBNP | ||
| 005 | 20260129095557.0 | ||
| 007 | ta | ||
| 008 | 230623b1979 dr a|||| |||| 00| 0 spa d | ||
| 040 |
_aDO-SdBNP _bspa _cBNPHU _erda |
||
| 082 | 4 |
_a150 _bM516i, 1979 _222 |
|
| 100 | 1 |
_a Mejía-Ricart G., Tirso, _d1936-2021 _q(Mejía-Ricart Guzmán) _eautor _91569 |
|
| 245 | 1 | 0 |
_aIntroducción a la psicología / _cTirso Mejía-Ricart G. ; colaboración Francisco Pancobo ... [et al.] ; prólogo Eneiro Rodríguez Arias. |
| 264 |
_aSanto Domingo : _bFundación Mejía Ricart-Gúzman Boom, _c1979. |
||
| 300 |
_a335 páginas : _bilustraciones ; _c22 cm. |
||
| 336 |
_2rdacontent _atexto _btxt |
||
| 337 |
_2rdamedia _asin mediación _bn |
||
| 338 |
_2rdacarrier _avolumen _bnc |
||
| 490 | 1 |
_aTextos básicos _v1 |
|
| 590 | _aInventariado, 2023/BT | ||
| 650 | 0 |
_aPsicología _9152 |
|
| 650 | 0 |
_aConducta (Psicología) _9673 |
|
| 650 | 0 |
_aMotivación (Psicología) _9603 |
|
| 650 | 4 |
_aAprendizaje _9812 |
|
| 650 | 0 |
_aPersonalidad _9395 |
|
| 650 | 0 |
_aSalud mental _9803 |
|
| 700 | 1 |
_aPancobo, Francisco, _953831 _ecolaborador |
|
| 700 | 1 |
_aMoquete de la Rosa, Jacobo, _ecolaborador _91678 |
|
| 700 | 1 |
_aGalván, William, _ecolaborador _91505 |
|
| 700 | 1 |
_aJiménez Rijo, Josefina de, _ecolaboador _983580 |
|
| 700 | 1 |
_aRodríguez Arias, Eneiro, _eprólogo _926411 |
|
| 830 | 0 |
_aTextos básicos ; _v1 _953832 |
|
| 910 | _aBtavárez | ||
| 942 |
_2ddc _cLBS1 |
||
| 999 |
_c53924 _d53924 |
||